Central Library OPAC University of Rajshahi

Industrial management, (Record no. 75988)

MARC details
000 -LEADER
fixed length control field 01057nam a2200325 a 4500
001 - CONTROL NUMBER
control field 75988
003 - CONTROL NUMBER IDENTIFIER
rucl marc code BD-RjUL
005 - DATE AND TIME OF LATEST TRANSACTION
control field 20211209082755.0
008 - FIXED-LENGTH DATA ELEMENTS--GENERAL INFORMATION
fixed length control field 190929r19471944nyuaek b 000 0 eng
035 ## - SYSTEM CONTROL NUMBER
System control number MITb10920869
System control number (OCoLC)00825342
System control number (BD-RjUL)76207
040 ## - CATALOGING SOURCE
Original cataloging agency DLC
Transcribing agency CSU
Modifying agency MYG
-- BD-RjUL
Language of cataloging eng
041 ## - LANGUAGE CODE
Language code of text/sound track or separate title eng
049 ## - LOCAL HOLDINGS (OCLC)
Holding library MYGG
082 ## - DEWEY DECIMAL CLASSIFICATION NUMBER
Edition number 23
Classification number 658
Author mark and year KNI 1947
100 1# - MAIN ENTRY--PERSONAL NAME
Personal name Knowles, Asa S.
Fuller form of name (Asa Smallidge),
Dates associated with a name 1909-
9 (RLIN) 233285
245 10 - TITLE STATEMENT
Title Industrial management,
Statement of responsibility, etc. by Asa S. Knowles & Robert D. Thomson.
260 ## - PUBLICATION, DISTRIBUTION, ETC. (IMPRINT)
Place of publication, distribution, etc. New York,
Name of publisher, distributor, etc. Macmillan,
Date of publication, distribution, etc. 1944, c1943, [printing 1947]
300 ## - PHYSICAL DESCRIPTION
Pagination xiv, 791 p.:
Illustrations illus. ;
Size 22 cm.
500 ## - GENERAL NOTE
General note Part of the illustrative material is folded.
504 ## - BIBLIOGRAPHY, ETC. NOTE
Bibliography, etc "Selected bibliography and readings": p. 763-769.
650 #0 - SUBJECT ADDED ENTRY--TOPICAL TERM
Topical term or geographic name as entry element Factory management.
9 (RLIN) 233286
Topical term or geographic name as entry element Personnel management.
9 (RLIN) 233287
Topical term or geographic name as entry element Factories
General subdivision Accounting.
9 (RLIN) 233288
700 1# - ADDED ENTRY--PERSONAL NAME
Personal name Thomson, Robert D.
Fuller form of name (Robert Douglas),
Dates associated with a name 1884-
942 ## - ADDED ENTRY ELEMENTS (KOHA)
Source of classification or shelving scheme Dewey Decimal Classification
Koha item type Books
Holdings
Lost status Source of classification or shelving scheme Damaged status Not for loan Collection code Permanent Location Current Location Shelving location Date acquired Total Checkouts Full call number Date last seen Copy number Koha item type
  Dewey Decimal Classification   Not For Loan Non-fiction Central Library, University of Rajshahi Central Library, University of Rajshahi Reading Room 29/09/2019   658 KNI 1947 29/09/2019 C-1 Books